000 01721nam a22003977a 4500
003 AR-FvUNAJ
005 20251203142650.0
008 190813b ||||| |||| 00| 0 spa d
020 _a978-987-45086-0-7
040 _cAR-FvUNAJ
082 1 4 _214
_a336.09
110 1 _98128
_aArgentina. Ministerio de Economía y Finanzas Públicas
_b. Comisión Nacional de Valores.
_eOficina de Coordinación de Políticas de Derechos Humanos, Verdad y Justicia
245 1 0 _aEconomía, política y sistema financiero :
_bLa última dictadura cívico militar en la CNV /
_cMinisterio de Economía y Finanzas Públicas, Comisión Nacional de Valores, Oficina de Coordinación de Políticas de Derechos Humanos, Verdad y Justicia
260 _aBuenos Aires :
_bComisión Naciona de Valores,
_c2013
300 _a173 p. + 1 c.d.
500 _aContiene una nómina de empresarios y financistas secuestrados y/o desparecidos durante la última dictadura cívico-militar.
600 2 4 _98130
_aTAIANA, JORGE ENRIQUE
600 1 0 _aBayer, Osvaldo
_d1927-2018
_98131
610 1 0 _aComisión Nacional de Valores
_98127
610 2 0 _aBolsa de Comercio de Buenos Aires
_98136
610 1 0 _aBanco Central de la República Argentina
_98137
610 1 0 _98138
_aACINDAR
650 2 7 _2unescot
_91105
_aDERECHOS HUMANOS
650 2 4 _91817
_aECONOMIA POLITICA
650 2 7 _2unescot
_95297
_aSISTEMA FINANCIERO
650 2 7 _2unescot
_9559
_aDICTADURA
650 2 4 _98139
_aPAPEL PRENSA
650 2 0 _aBANCO
_96068
650 2 4 _97915
_aEMPRESAS PRIVADAS
650 2 7 _2unescot
_9805
_aTERRORISMO
650 2 4 _97607
_aGOLPE MILITAR
650 2 0 _98141
_aLEY 20.840
651 2 4 _9326
_aARGENTINA
942 _2ddc
_cLIBRO
980 _82
_gVirginia Figueroa
999 _c4962
_d4962